Diseño de un plan de manufactura para el aumento de la productividad en Palmitos de San Carlos
Gespeichert in:
| 1. Verfasser: | |
|---|---|
| Weitere Verfasser: | |
| Format: | Buch |
| Veröffentlicht: |
San José, C.R.
1997
|
| Schlagworte: | |
| Tags: |
Tag hinzufügen
Keine Tags, Fügen Sie den ersten Tag hinzu!
|
MARC
| LEADER | 00000nam a2200000Ia 4500 | ||
|---|---|---|---|
| 003 | 008265 | ||
| 005 | 20221231144229.0 | ||
| 008 | 140114s1997 cr a m 000 ||s d | ||
| 040 | |c cru CEDI | ||
| 090 | |a TFG 3698 | ||
| 100 | |a Gallegos, Alejandro |9 9354 | ||
| 245 | |a Diseño de un plan de manufactura para el aumento de la productividad en Palmitos de San Carlos | ||
| 260 | |c 1997 |a San José, C.R. | ||
| 300 | |a [221] hojas : ilustraciones | ||
| 500 | |a Proyecto de graduación (licenciatura en ingeniería industrial)--Universidad de Costa Rica. Facultad de Ingeniería. Escuela de Ingeniería Industrial | ||
| 650 | |x PALMITOS DE SAN CARLOS (COSTA RICA) - ADMINISTRACION |x PALMITOS - INDUSTRIA Y COMERCIO |9 9356 | ||
| 700 | |9 9355 |a Matzen, Henrik | ||
| 942 | |c TFG | ||
| 999 | |c 18779 |d 18779 | ||
